[Event "Open A"]
[Site "Moscow RUS"]
[Date "2010.01.30"]
[Round "1"]
[White "Amonatov,F"]
[Black "Gorovykh,E"]
[Result "1/2-1/2"]
[WhiteElo "2634"]
[BlackElo "2410"]
[EventDate "2010.01.30"]

1. e4 e6 2. d4 d5 3. Nc3 Bb4 4. e5 c5 5. a3 Ba5 6. b4 cxd4 7. Qg4 Ne7 8.
bxa5 dxc3 9. Qxg7 Rg8 10. Qxh7 Nbc6 11. Nf3 Qc7 12. Bf4 Bd7 13. a6 O-O-O
14. axb7+ Kb8 15. Qd3 d4 16. Be2 Rxg2 17. Bg3 Nf5 18. Qc4 Rh8 19. Rf1 Qb6
20. Bd3 Rh5 21. Kd1 Nxg3 22. hxg3 Nxe5 23. Qxd4 Nxd3 24. cxd3 Bc6 25. Qf4+
Kxb7 26. Nd4 Qb2 27. Qxf7+ Kb6 28. Nc2 Ba4 29. Qxe6+ Ka5 30. Ke2 Qxc2+ 31.
Ke3 Qb3 32. Qxb3 Bxb3 33. d4 Rgh2 34. Kd3 c2 35. Kc3 Ba4 36. Rac1 Rf5 37.
f4 Rf7 38. f5 Rg2 39. Rf3 Rg7 40. d5 R2xg3 41. Rxg3 Rxg3+ 42. Kd4 Kb6 43.
f6 Kc7 44. Rf1 Rg8 45. f7 Rf8 46. Ke5 Bb3 47. Ke6 Kd8 48. Kd6 Bc4 49. Rg1
c1=Q 50. Rxc1 Bxd5 1/2-1/2

[Event "Open A"]
[Site "Moscow RUS"]
[Date "2010.01.30"]
[Round "1"]
[White "Iljiushenok,I"]
[Black "Azarov,S"]
[Result "0-1"]
[WhiteElo "2408"]
[BlackElo "2622"]
[EventDate "2010.01.30"]

1. e4 e5 2. Bc4 Nf6 3. d3 Nc6 4. Nf3 Be7 5. O-O O-O 6. a3 d5 7. exd5 Nxd5
8. Re1 Nb6 9. Ba2 Bg4 10. h3 Bh5 11. g4 Bg6 12. Nxe5 Nxe5 13. Rxe5 Kh8 14.
Nc3 f5 15. Be3 Nd7 16. Re6 f4 17. Nd5 fxe3 18. Nxe7 exf2+ 19. Kf1 Bf7 20.
Re3 Bxa2 21. Rxa2 Nb6 22. Nf5 g6 23. Ng3 Nd5 24. Rf3 Qe7 25. Ne4 Qe5 26.
Qe2 Rxf3 27. Qxf3 Kg7 28. Qg3 Qxg3 29. Nxg3 Rf8 30. Ke2 Nf4+ 31. Kxf2 Nxd3+
32. Ke3 Ne1 33. Kd2 Nf3+ 34. Ke3 Ng5 35. Ke2 Nxh3 36. Ne4 Re8 37. Kf3 Ng1+
38. Ke3 Ne2 39. Kxe2 Rxe4+ 40. Kf3 Re1 41. a4 Rf1+ 42. Kg3 Rc1 43. c3 Rc2
44. a5 a6 45. Kf4 h6 46. Ke5 Re2+ 47. Kf4 Kf6 48. Kf3 Rc2 49. Kf4 c6 50.
Kf3 Kg5 51. Kg3 Rd2 52. Kh3 Rd3+ 53. Kg2 Kxg4 54. Ra4+ Kf5 55. Rb4 Rd7 0-1

[Event "Open A"]
[Site "Moscow RUS"]
[Date "2010.01.30"]
[Round "1"]
[White "Efanov,N"]
[Black "Le Quang Liem"]
[Result "0-1"]
[WhiteElo "2417"]
[BlackElo "2647"]
[EventDate "2010.01.30"]

1. e4 c5 2. Nf3 d6 3. d4 cxd4 4. Qxd4 a6 5. c4 Nc6 6. Qd1 g6 7. h3 Bg7 8.
Be2 Nf6 9. Nc3 O-O 10. Be3 Be6 11. O-O Rc8 12. Rc1 Nd7 13. Ng5 Nc5 14. a3
a5 15. f4 Bd7 16. e5 a4 17. Bxc5 dxc5 18. Nxa4 Nd4 19. Nc3 f6 20. exf6 Rxf6
21. Bg4 e6 22. Ne2 h6 23. Nxd4 hxg5 24. Ne2 Qc7 25. fxg5 Rxf1+ 26. Qxf1
Bxb2 27. Rb1 Rf8 28. Qd1 Be5 29. Qd3 Kg7 30. Bf3 Bc6 31. Bxc6 Qxc6 32. Rd1
Rf7 33. h4 Qa4 34. g3 b5 35. Rc1 b4 36. axb4 cxb4 37. Qe4 Qa7+ 38. Kh1 Qb7
39. Qxb7 Rxb7 40. c5 b3 41. c6 Rc7 42. Nf4 b2 43. Rb1 Rxc6 44. Nd3 Rc2 45.
g4 Bd4 46. h5 e5 47. h6+ Kg8 48. Rd1 Rd2 49. Nxb2 Rxb2 50. Rc1 Rb7 51. Rc8+
Kh7 52. Re8 Rf7 53. Kg2 Bc3 54. Kh3 Bd4 55. Kg2 Bc5 56. Rxe5 Rf2+ 57. Kh1
Rh2+ 58. Kxh2 Bd6 59. Kg2 Bxe5 60. Kf3 Bb2 0-1

[Event "Open A"]
[Site "Moscow RUS"]
[Date "2010.01.30"]
[Round "1"]
[White "Kotenko,P"]
[Black "Iordachescu,V"]
[Result "0-1"]
[WhiteElo "2408"]
[BlackElo "2629"]
[EventDate "2010.01.30"]

1. e4 e5 2. Nf3 Nc6 3. Bb5 a6 4. Ba4 Nf6 5. O-O Be7 6. Re1 b5 7. Bb3 d6 8.
c3 O-O 9. h3 Na5 10. Bc2 c5 11. d4 Qc7 12. Nbd2 cxd4 13. cxd4 Nc6 14. Nb3
a5 15. Be3 a4 16. Nbd2 Bd7 17. Rc1 Qb7 18. Bb1 Rfe8 19. a3 h6 20. Nf1 Bf8
21. Ng3 b4 22. axb4 Nxb4 23. Bd2 Nc6 24. Bc3 g6 25. Qd2 Bg7 26. Ba2 exd4
27. Nxd4 Nxd4 28. Bxd4 Be6 29. Bxe6 Rxe6 30. Qc2 h5 31. Qc6 Qxc6 32. Rxc6
h4 33. Nf1 Nxe4 34. Bxg7 Kxg7 35. f3 Nc5 36. Rxe6 Nxe6 37. Rxd6 Rb8 38. Rd2
Nf4 39. Ne3 Rb3 40. Nd1 Rd3 41. Rxd3 Nxd3 42. Kf1 Nxb2 43. Nc3 a3 44. Ke2
Kf6 45. Kd2 Ke5 46. Kc2 Kf4 0-1

[Event "Open A"]
[Site "Moscow RUS"]
[Date "2010.01.30"]
[Round "1"]
[White "Inarkiev,E"]
[Black "Baikov,V"]
[Result "1-0"]
[WhiteElo "2649"]
[BlackElo "2418"]
[EventDate "2010.01.30"]

1. e4 e5 2. Nf3 Nf6 3. Nxe5 d6 4. Nf3 Nxe4 5. d4 d5 6. Bd3 Bd6 7. O-O O-O
8. Re1 Bg4 9. Bxe4 dxe4 10. Rxe4 f5 11. Re1 Nc6 12. c3 Bxf3 13. Qxf3 Re8
14. Rd1 Qe7 15. Nd2 Qe2 16. Qxe2 Rxe2 17. Kf1 Rae8 18. Nc4 R2e4 19. a4 h5
20. h3 a6 21. Bd2 Kf7 22. b4 Kf6 23. f3 R4e7 24. h4 Rd7 25. Kf2 Kf7 26. b5
Ne7 27. bxa6 bxa6 28. Rab1 Ng6 29. Rb7 Be7 30. g3 Red8 31. Bg5 Bxg5 32.
hxg5 c5 33. dxc5 Rxb7 34. Rxd8 Rc7 35. Rd5 Ne7 36. Re5 g6 37. Nd6+ Kf8 38.
f4 Rc6 39. Ke3 Rc7 40. Kd3 Rd7 41. Kc4 1-0

[Event "Open A"]
[Site "Moscow RUS"]
[Date "2010.01.30"]
[Round "1"]
[White "Belous,V"]
[Black "Khismatullin,D"]
[Result "0-1"]
[WhiteElo "2419"]
[BlackElo "2651"]
[EventDate "2010.01.30"]

1. d4 d5 2. c4 c6 3. Nf3 Nf6 4. Nc3 e6 5. Bg5 h6 6. Bxf6 Qxf6 7. e3 g6 8.
Rc1 Nd7 9. Bd3 dxc4 10. Bxc4 Bg7 11. O-O O-O 12. Bb3 Qe7 13. Qc2 b6 14.
Rfe1 Bb7 15. Rcd1 Rac8 16. Qe4 Rfd8 17. Qf4 Nf6 18. e4 c5 19. d5 c4 20. d6
Qf8 21. Ba4 Nh5 22. Qd2 Rc5 23. g4 Nf6 24. h3 Nh7 25. Qe3 Rxd6 26. Rxd6
Qxd6 27. Rd1 Qb8 28. Rd7 Nf6 29. Rd2 Rc8 30. g5 hxg5 31. Nxg5 Bh6 32. e5
Nh7 33. h4 Nxg5 34. hxg5 Bg7 35. f4 Rd8 36. Bc2 Bf8 37. Kh2 Bc5 38. Qe2 Kg7
39. Rxd8 Qxd8 40. Be4 Ba6 41. Kg3 Qd4 42. Bg2 Qd3+ 43. Qxd3 cxd3 44. Bf1
Bd4 45. Nd1 Kf8 46. b3 Ke7 47. Kf3 Bb7+ 48. Kg3 d2 49. Bd3 Bd5 50. Bc2 Kd7
51. Nf2 Kc6 52. Ng4 Kc5 53. a3 Be4 54. Bd1 Bg1 55. Nh6 Kd4 56. Nxf7 Ke3 57.
Nd6 Bf2+ 58. Kg4 Bf5+ 59. Nxf5+ exf5+ 60. Kh3 Kxf4 0-1

[Event "Open A"]
[Site "Moscow RUS"]
[Date "2010.01.30"]
[Round "1"]
[White "Nyudleev,D"]
[Black "Andreikin,D"]
[Result "0-1"]
[WhiteElo "2412"]
[BlackElo "2635"]
[EventDate "2010.01.30"]

1. e4 c5 2. Nf3 e6 3. d4 cxd4 4. Nxd4 a6 5. Nc3 b5 6. Bd3 Bb7 7. O-O Qb6 8.
Nb3 Qc7 9. a3 Nf6 10. f4 d6 11. Qf3 Nbd7 12. Be3 Be7 13. Rae1 Nc5 14. Nd4
O-O 15. Qh3 Rac8 16. Bf2 Rfd8 17. Bg3 Qb6 18. Bf2 Qc7 19. Bg3 Qd7 20. Nf3
Nxd3 21. cxd3 a5 22. e5 Ne8 23. exd6 Nxd6 24. Ne5 Qe8 25. Rc1 Nf5 26. Bf2
f6 27. Ng4 b4 28. axb4 axb4 29. Ne4 Rxc1 30. Rxc1 h5 31. Ne3 Rxd3 32. Nc5
Bxc5 33. Rxc5 Qg6 34. Rc7 Nxe3 35. Qxe6+ Kh7 0-1

[Event "Open A"]
[Site "Moscow RUS"]
[Date "2010.01.30"]
[Round "1"]
[White "Ovod,E"]
[Black "Kazhgaleyev,M"]
[Result "0-1"]
[WhiteElo "2415"]
[BlackElo "2643"]
[EventDate "2010.01.30"]

1. d4 d5 2. c4 c6 3. Nf3 Nf6 4. Nc3 dxc4 5. a4 Bf5 6. e3 e6 7. Bxc4 Bb4 8.
Ne5 O-O 9. O-O Qe7 10. Qe2 Nbd7 11. e4 Bg6 12. Bg5 Qe8 13. Bd3 Nxe5 14.
dxe5 Nd7 15. f4 f6 16. exf6 Nxf6 17. Kh1 Kh8 18. Bc2 a5 19. Rac1 e5 20. f5
Bh5 21. Qe1 h6 22. Be3 Bf7 23. Qh4 Be7 24. Qh3 Bc4 25. Rg1 Qh5 26. Qg3 Nd7
27. Bd1 Qh4 28. Qf3 Bc5 29. g3 Qe7 30. g4 g5 31. h4 Kg7 32. b3 Bf7 33. Ne2
b6 34. Ng3 Rg8 35. Be2 Kf8 36. f6 Qxf6 37. Bxc5+ bxc5 38. Rgf1 Qxf3+ 39.
Rxf3 Ke8 40. Nf5 Be6 41. Nxh6 Rg6 42. hxg5 Rxg5 43. Rh3 Kd8 44. Nf5 Kc7 45.
Kg2 Rb8 46. Rcc3 c4 47. Bxc4 Rxg4+ 48. Kf3 Rf4+ 49. Ke3 Bxc4 50. bxc4 Nf6
51. Rh4 Ng4+ 52. Ke2 Rb2+ 53. Ke1 Rb1+ 54. Ke2 Rf2+ 0-1

[Event "Open A"]
[Site "Moscow RUS"]
[Date "2010.01.30"]
[Round "1"]
[White "Vorotnikov,V1"]
[Black "Lastin,A"]
[Result "1/2-1/2"]
[WhiteElo "2425"]
[BlackElo "2659"]
[EventDate "2010.01.30"]

1. e4 c6 2. Nc3 d5 3. Nf3 Bg4 4. d4 e6 5. h3 Bxf3 6. Qxf3 dxe4 7. Qe3 Nf6
8. Nxe4 Nbd7 9. c3 Nxe4 10. Qxe4 Nf6 11. Qf3 Qd5 12. Be2 1/2-1/2

[Event "Open A"]
[Site "Moscow RUS"]
[Date "2010.01.30"]
[Round "1"]
[White "Potapov,P"]
[Black "Kurnosov,I"]
[Result "1/2-1/2"]
[WhiteElo "2435"]
[BlackElo "2668"]
[EventDate "2010.01.30"]

1. e4 g6 2. Nc3 d6 3. d4 Bg7 4. g3 Nc6 5. Nge2 Bg4 6. Qd3 Nf6 7. h3 Bd7 8.
Bg2 e5 9. Be3 O-O 10. O-O b5 11. a3 exd4 12. Nxd4 Ne5 13. Qe2 a6 14. Rfd1
Re8 15. g4 Nc4 16. Rab1 c5 17. Nb3 Nxe3 18. Qxe3 b4 19. axb4 cxb4 20. Ne2
Bc6 21. Ng3 Qc7 22. Qd3 Red8 23. Qc4 Qb6 24. e5 d5 25. Qd4 Nd7 26. Qxb6
Nxb6 27. f4 a5 28. Nd4 Bb7 29. b3 Bf8 30. Nge2 Ba6 31. Ra1 Rdc8 32. Bf3
Bxe2 33. Bxe2 Bc5 34. Ra2 a4 35. Kf1 Bxd4 36. Rxd4 axb3 37. Rxa8 bxc2 38.
Ra1 c1=Q+ 39. Rxc1 Rxc1+ 40. Kf2 Rb1 41. Bf3 Rb2+ 42. Kg3 Rb3 43. Kf2 Kf8
44. h4 Rb2+ 45. Kg3 Rb3 46. Kf2 Rb2+ 47. Kg3 Ke7 48. Bxd5 Nxd5 49. Rxd5 b3
50. Rd3 Rb1 51. Kg2 f6 52. exf6+ Kxf6 53. Re3 h5 54. gxh5 gxh5 55. Re5 Rc1
56. Rb5 Rc3 57. f5 Rc2+ 58. Kg3 b2 59. Kf4 Rf2+ 60. Kg3 Rc2 61. Kf4 Rc4+
62. Kg3 Rg4+ 63. Kh3 Rf4 1/2-1/2

[Event "Open A"]
[Site "Moscow RUS"]
[Date "2010.01.30"]
[Round "1"]
[White "Shukh,N"]
[Black "Bu Xiangzhi"]
[Result "0-1"]
[WhiteElo "2439"]
[BlackElo "2673"]
[EventDate "2010.01.30"]

1. e4 c5 2. Nf3 d6 3. d4 cxd4 4. Nxd4 Nf6 5. Nc3 a6 6. Bg5 e6 7. f4 Qb6 8.
Qd2 Nbd7 9. O-O-O Qc7 10. Be2 Be7 11. Bf3 h6 12. h4 Nb6 13. Bxf6 Bxf6 14.
g4 Qc5 15. Qd3 Qc4 16. g5 Qxd3 17. Rxd3 Be7 18. Rdd1 Bd7 19. Bg4 Rc8 20. g6
Bf6 21. f5 exf5 22. gxf7+ Kxf7 23. Bxf5 Rhd8 24. h5 Rc4 25. Bxd7 Rxd7 26.
Nf5 Ke6 27. Rhf1 Na4 28. Ne2 Bxb2+ 29. Kb1 Rxe4 30. Ned4+ Ke5 31. c3 Nxc3+
32. Kxb2 Nxd1+ 33. Rxd1 Rf7 34. Kc3 Rxf5 35. Nxf5 Kxf5 36. Rxd6 Kg4 37.
Rg6+ Kxh5 38. Rxg7 b5 39. a3 Rg4 40. Ra7 Ra4 41. Kb3 Kg6 42. Ra8 h5 43.
Rg8+ Kf5 0-1

[Event "Open A"]
[Site "Moscow RUS"]
[Date "2010.01.30"]
[Round "1"]
[White "Stukopin,A"]
[Black "Grachev,B"]
[Result "0-1"]
[WhiteElo "2423"]
[BlackElo "2653"]
[EventDate "2010.01.30"]

1. e4 e6 2. d3 d5 3. Nd2 Nf6 4. g3 c5 5. Bg2 Nc6 6. Ngf3 g6 7. O-O Bg7 8.
Re1 O-O 9. Qe2 Re8 10. a3 h6 11. c3 e5 12. b4 d4 13. cxd4 cxd4 14. Bb2 Nd7
15. Rec1 Nb6 16. Nb3 Na4 17. Nc5 Nxc5 18. Rxc5 a6 19. Qf1 Be6 20. Bh3 Qc8
21. Bxe6 Qxe6 22. Rac1 Bf8 23. R5c2 a5 24. b5 Na7 25. a4 Nc8 26. Rc7 Rb8
27. Nd2 Nb6 28. f4 Nxa4 29. f5 Qf6 30. Ba1 g5 31. Nc4 Bb4 32. Qd1 Nb6 33.
Nxb6 Qxb6 34. Qh5 Qf6 35. h4 Bd6 36. hxg5 hxg5 37. R7c2 Kg7 38. Qg4 Rh8 39.
Kg2 a4 0-1

[Event "Open A"]
[Site "Moscow RUS"]
[Date "2010.01.30"]
[Round "1"]
[White "Zhigalko,S"]
[Black "Obolenskikh,D"]
[Result "1-0"]
[WhiteElo "2668"]
[BlackElo "2435"]
[EventDate "2010.01.30"]

1. e4 e6 2. d4 d5 3. e5 c5 4. c3 Nc6 5. Nf3 Bd7 6. Be2 Nge7 7. Na3 cxd4 8.
cxd4 Nf5 9. Nc2 Qb6 10. O-O Na5 11. Ne3 Nxe3 12. fxe3 Be7 13. Qe1 Bb5 14.
e4 Bxe2 15. Qxe2 Nc6 16. Kh1 Rd8 17. Ng5 Bxg5 18. Bxg5 Rd7 19. exd5 Rxd5
20. Rxf7 Rd7 21. Rxd7 Kxd7 22. d5 exd5 23. e6+ Kc7 24. e7 Re8 25. Bf4+ Kd7
26. Qg4+ Kxe7 27. Re1+ Kd8 28. Bg5+ Ne7 29. Rc1 1-0

[Event "Open A"]
[Site "Moscow RUS"]
[Date "2010.01.30"]
[Round "1"]
[White "Savchenko,B"]
[Black "Obodchuk,A"]
[Result "1-0"]
[WhiteElo "2638"]
[BlackElo "2413"]
[EventDate "2010.01.30"]

1. e4 c5 2. Nf3 Nc6 3. d4 cxd4 4. Nxd4 Nf6 5. Nc3 d6 6. Bg5 e6 7. Qd2 a6 8.
Bxf6 gxf6 9. O-O-O Be7 10. f4 Nxd4 11. Qxd4 b5 12. Qe3 Qc7 13. Kb1 Bb7 14.
Bd3 O-O-O 15. f5 Kb8 16. Ne2 Qc5 17. Qh6 Rdg8 18. g3 exf5 19. Nc3 Bd8 20.
Rhf1 Re8 21. Rxf5 Re5 22. Qg7 Rhe8 23. Qxf7 Bc8 24. Rxe5 Qxe5 25. a3 Bg4
26. Bxb5 axb5 27. Rd5 Qe7 28. Rxb5+ Kc8 29. Qc4+ Qc7 30. Qd5 Be7 31. Qa8+
Kd7 32. Qa4 Rh8 1-0

[Event "Open A"]
[Site "Moscow RUS"]
[Date "2010.01.30"]
[Round "1"]
[White "Bologan,V"]
[Black "Lavrik,D"]
[Result "1-0"]
[WhiteElo "2692"]
[BlackElo "2439"]
[EventDate "2010.01.30"]

1. e4 e5 2. Nf3 Nc6 3. Bb5 a6 4. Ba4 d6 5. O-O Bg4 6. h3 h5 7. Bxc6+ bxc6
8. d4 Bxf3 9. Qxf3 exd4 10. c3 dxc3 11. Nxc3 Qd7 12. Be3 Be7 13. Bd4 Bf6
14. e5 Bxe5 15. Rfe1 f6 16. Rad1 O-O-O 17. Bxe5 fxe5 18. Rxe5 Nf6 19. Ra5
Kb7 20. b4 Ra8 21. a4 Rhb8 22. b5 axb5 23. axb5 d5 24. bxc6+ Qxc6 25. Rb5+
Kc8 26. Nxd5 1-0

[Event "Open A"]
[Site "Moscow RUS"]
[Date "2010.01.30"]
[Round "1"]
[White "Airapetian,G"]
[Black "Najer,E"]
[Result "1/2-1/2"]
[WhiteElo "2433"]
[BlackElo "2665"]
[EventDate "2010.01.30"]

1. e4 c5 2. Nf3 d6 3. c3 Nf6 4. Be2 g6 5. O-O Bg7 6. Re1 O-O 7. Bf1 Nc6 8.
h3 e5 9. Na3 d5 10. exd5 Nxd5 11. Nc4 Re8 12. d3 b5 13. Ne3 b4 14. Bd2 Bb7
15. Qc2 Rc8 16. Nc4 Nb6 17. Nxb6 axb6 18. Qb3 c4 19. Qc2 cxd3 20. Qxd3 e4
21. Qxd8 Rcxd8 22. Nd4 Nxd4 23. cxd4 Rxd4 24. Be3 Rd6 25. Rab1 f5 26. a3
Be5 27. g3 g5 28. Bc4+ Bd5 29. Bxd5+ Rxd5 30. axb4 Rb5 31. Bxg5 Rxb4 32.
Be3 Rb3 33. Kg2 Kf7 34. Ra1 Rxb2 35. Rab1 1/2-1/2

[Event "Open A"]
[Site "Moscow RUS"]
[Date "2010.01.30"]
[Round "1"]
[White "Vescovi,G"]
[Black "Utegaliyev,A"]
[Result "1-0"]
[WhiteElo "2660"]
[BlackElo "2431"]
[EventDate "2010.01.30"]

1. d4 Nf6 2. c4 g6 3. Nc3 Bg7 4. e4 d6 5. Nf3 O-O 6. Be2 Nbd7 7. O-O e5 8.
d5 Nc5 9. Qc2 a5 10. Bg5 h6 11. Be3 Nh5 12. g3 Bh3 13. Rfe1 b6 14. a3 a4
15. Bxc5 bxc5 16. Nxa4 f5 17. Nc3 f4 18. Kh1 Nf6 19. a4 g5 20. Ra3 Qe8 21.
Nb5 Qf7 22. gxf4 Ng4 23. Bd1 Nf6 24. fxg5 Nh5 25. Rg1 Kh8 26. gxh6 Bf6 27.
Ng5 Bxg5 28. Rxg5 Nf4 29. Rag3 Rg8 30. Rxg8+ Rxg8 31. a5 Qh7 32. a6 Bg2+
33. Kg1 Bxe4 34. Qc3 Nh3+ 35. Kf1 Rxg3 36. Qxg3 Bd3+ 37. Ke1 1-0

[Event "Open A"]
[Site "Moscow RUS"]
[Date "2010.01.30"]
[Round "1"]
[White "Nepomniachtchi,I"]
[Black "Loskutov,O"]
[Result "1-0"]
[WhiteElo "2658"]
[BlackElo "2423"]
[EventDate "2010.01.30"]

1. e4 c5 2. Nf3 d6 3. d4 cxd4 4. Nxd4 Nf6 5. Nc3 a6 6. Be3 e5 7. Nb3 Be7 8.
Qd2 Ng4 9. g3 Nxe3 10. Qxe3 Bg5 11. f4 exf4 12. gxf4 Bh4+ 13. Kd2 O-O 14.
Rd1 Be6 15. Kc1 Nc6 16. Rg1 Qe7 17. Qd2 a5 18. Bb5 Rfd8 19. Kb1 Bf6 20. Ba4
Kh8 21. Rg3 g6 22. a3 Bg7 23. Rd3 Qh4 24. Bxc6 bxc6 25. e5 a4 26. Nc1 Bg4
27. Rg1 d5 28. Rd4 Bf5 29. Nxa4 Bf8 30. Nb3 Rdb8 31. Rg3 Rb5 32. Rc3 Qe7
33. Nac5 Rab8 34. Ka2 Qa7 35. Ra4 Qb6 36. Ra6 Qc7 37. Qd4 Bc8 38. Ra4 Qb6
39. e6+ Bg7 40. exf7 Bf5 41. Re3 Rf8 42. Re5 Bxc2 43. Qc3 Bxb3+ 44. Nxb3 d4
45. Nxd4 Rxe5 46. fxe5 Bxe5 47. Qe3 Bg7 48. Ra8 Qc5 49. Rxf8+ Bxf8 50. Kb1
Be7 51. Qf4 h5 1-0

[Event "Open A"]
[Site "Moscow RUS"]
[Date "2010.01.31"]
[Round "2"]
[White "Bu Xiangzhi"]
[Black "Gasanov,E"]
[Result "1-0"]
[WhiteElo "2673"]
[BlackElo "2536"]
[EventDate "2010.01.30"]

1. Nf3 d5 2. d4 Nf6 3. c4 e6 4. Nc3 dxc4 5. Qa4+ c6 6. Qxc4 b5 7. Qd3 Bb7
8. Bg5 Nbd7 9. e4 b4 10. Na4 Qa5 11. b3 c5 12. d5 exd5 13. exd5 Bd6 14.
Qe2+ Kf8 15. Qc2 Re8+ 16. Be2 Ba6 17. Be3 Nxd5 18. O-O-O N7f6 19. Bc4 Rxe3
20. fxe3 Nxe3 21. Rxd6 Nxc2 22. Rxa6 Qc7 23. Kxc2 h5 24. Re1 Rh6 25. Ne5
Ng4 26. Rxh6 gxh6 27. Nxc5 Kg7 28. Ncd3 Nxh2 29. Nf4 Qb6 30. Ned3 Ng4 31.
Nd5 Qd4 32. Kb1 a5 33. Rf1 Qe4 34. Rf4 Qe8 35. Nc7 Qe2 36. Rxf7+ Kh8 37.
Nd5 Ne5 38. Rf2 Qd1+ 39. Nc1 a4 40. Nxb4 Nxc4 41. bxc4 Qd4 42. Rc2 a3 43.
Nbd3 Qd7 44. c5 Qb5+ 45. Ka1 Qc6 46. Nb4 Qe4 47. Ncd3 Qd4+ 48. Kb1 Qg1+ 49.
Nc1 Qd4 50. Nbd3 Qd7 51. c6 Qc7 52. Nb4 h4 53. Ncd3 Kh7 54. Nd5 Qb8+ 55.
Ka1 Qh8+ 56. Rc3 Qd4 57. c7 Qg1+ 58. Nc1 Qxg2 59. Rxa3 Qc2 60. Rc3 1-0

[Event "Open A"]
[Site "Moscow RUS"]
[Date "2010.01.31"]
[Round "2"]
[White "Shimanov,A"]
[Black "Vescovi,G"]
[Result "1/2-1/2"]
[WhiteElo "2535"]
[BlackElo "2660"]
[EventDate "2010.01.30"]

1. d4 Nf6 2. Nf3 e6 3. c4 b6 4. g3 Bb7 5. Bg2 Be7 6. O-O O-O 7. Re1 a5 8.
Bf4 d6 9. Qc2 c5 10. dxc5 bxc5 11. Nc3 Nc6 12. Rad1 Qb8 13. Nb5 1/2-1/2

[Event "Open A"]
[Site "Moscow RUS"]
[Date "2010.01.31"]
[Round "2"]
[White "Shcherbakov,R"]
[Black "Nepomniachtchi,I"]
[Result "1/2-1/2"]
[WhiteElo "2505"]
[BlackElo "2658"]
[EventDate "2010.01.30"]

1. e4 c5 2. Nf3 d6 3. d4 cxd4 4. Nxd4 Nf6 5. Nc3 a6 6. Bg5 e6 7. f4 Qb6 8.
Qd3 Nc6 9. Bxf6 gxf6 10. Nb3 h5 11. Be2 Bd7 12. Rf1 Na5 13. O-O-O Nxb3+ 14.
axb3 O-O-O 15. Kb1 Be7 16. f5 Qa5 17. Qh3 b5 18. Bxh5 b4 19. Na4 Bc6 20.
Qf3 Rh7 21. Bg4 Qe5 22. Nb6+ Kc7 23. Nd5+ Kd7 24. fxe6+ fxe6 25. Nxf6+ Bxf6
26. Qxf6 Kc7 27. Qxe5 dxe5 28. Rxd8 Kxd8 29. Re1 Ke7 30. h3 Kf6 31. c3 Kg5
32. Bxe6 Kf4 33. Bf5 Rh8 34. Kc2 Rg8 35. Re2 Bb5 36. Rd2 Bc6 37. Kd1 Bxe4
38. Bxe4 Kxe4 39. Ke1 Ke3 40. Re2+ Kd3 41. Rd2+ Ke3 42. Re2+ Kd3 43. c4 e4
44. Rd2+ Ke3 45. Re2+ Kd3 46. Rd2+ Ke3 47. c5 Rg5 48. Re2+ Kd3 49. Rd2+ Ke3
50. Rc2 Kd3 51. Rd2+ 1/2-1/2

[Event "Open A"]
[Site "Moscow RUS"]
[Date "2010.01.31"]
[Round "2"]
[White "Grachev,B"]
[Black "Danin,A"]
[Result "1-0"]
[WhiteElo "2653"]
[BlackElo "2519"]
[EventDate "2010.01.30"]

1. d4 Nf6 2. Nf3 g6 3. Nbd2 d5 4. e3 Bg7 5. b4 Nbd7 6. Bb2 a5 7. b5 a4 8.
Rc1 O-O 9. c4 c6 10. Be2 cxb5 11. cxb5 Nb6 12. O-O Bf5 13. Ba3 Ne8 14. Rc5
f6 15. Qa1 Rf7 16. Rfc1 Bf8 17. R5c3 g5 18. Qb2 e6 19. Bc5 Nd6 20. Ne1 Bg6
21. Qb4 h5 22. Ra3 Ndc8 23. Nd3 Bd6 24. Nb2 Rc7 25. Rac3 Qd7 26. a3 Kf7 27.
Bd1 Qe7 28. Bxa4 Nxa4 29. Nxa4 b6 30. Nxb6 Qd8 1-0

[Event "Open A"]
[Site "Moscow RUS"]
[Date "2010.01.31"]
[Round "2"]
[White "Khismatullin,D"]
[Black "Khusnutdinov,R"]
[Result "1-0"]
[WhiteElo "2651"]
[BlackElo "2513"]
[EventDate "2010.01.30"]

1. c4 Nf6 2. d4 g6 3. Nc3 d5 4. Qb3 dxc4 5. Qxc4 Be6 6. Qb5+ Bd7 7. Qb3 c5
8. d5 Qb6 9. e4 e6 10. Nf3 Bg7 11. dxe6 Bxe6 12. Qxb6 axb6 13. Ng5 Nc6 14.
Nxe6 fxe6 15. Bd3 Nd7 16. f4 Nb4 17. Ke2 Nxd3 18. Kxd3 O-O-O 19. Kc4 Nf6
20. Re1 Ng4 21. Nb5 e5 22. h3 Nf2 23. f5 Bf6 24. Re2 Nd3 25. g4 gxf5 26.
exf5 h5 27. g5 Nxc1 28. Rxc1 Bxg5 29. Rg1 Bf4 30. Rg7 h4 31. Rg6 Rhf8 32.
Rxb6 Rxf5 33. Nd6+ Kc7 34. Kxc5 Rxd6 35. Rxd6 b6+ 36. Kd5 e4+ 37. Kxe4 Re5+
38. Kxf4 Rxe2 39. Rd4 Rxb2 40. a4 Kb7 41. Kg5 Rg2+ 42. Kxh4 Ka6 43. Kh5 Ka5
44. h4 Rc2 45. Kg5 Rc5+ 46. Kg4 Rc8 47. h5 Rc6 48. Rf4 Rc1 49. h6 Rc7 50.
Kg5 Rd7 51. Kg6 Rd6+ 52. Rf6 1-0

[Event "Open A"]
[Site "Moscow RUS"]
[Date "2010.01.31"]
[Round "2"]
[White "Ismagambetov,An"]
[Black "Inarkiev,E"]
[Result "0-1"]
[WhiteElo "2497"]
[BlackElo "2649"]
[EventDate "2010.01.30"]

1. e4 e5 2. Nf3 Nc6 3. Bb5 a6 4. Ba4 Nf6 5. O-O Be7 6. Re1 b5 7. Bb3 O-O 8.
h3 d6 9. c3 Re8 10. d4 Bb7 11. Nbd2 Bf8 12. a3 h6 13. d5 Ne7 14. Nh2 c6 15.
dxc6 Bxc6 16. Ng4 Ng6 17. Qf3 Nf4 18. Nf1 Ra7 19. Ng3 Nxg4 20. Qxg4 Qf6 21.
Be3 Rc7 22. Rad1 Kh8 23. Qf5 Qxf5 24. Nxf5 Nxg2 25. Nxd6 Nxe1 26. Nxe8 Bxe8
27. Rd8 g5 28. Rxe8 Kg7 29. Bd5 Nd3 30. Bb6 Rd7 31. b4 Nf4 32. Bc5 Bxc5 33.
bxc5 Nxd5 34. c6 Re7 35. exd5 Rxe8 36. d6 Kf6 0-1

[Event "Open A"]
[Site "Moscow RUS"]
[Date "2010.01.31"]
[Round "2"]
[White "Le Quang Liem"]
[Black "Lintchevski,D"]
[Result "1-0"]
[WhiteElo "2647"]
[BlackElo "2498"]
[EventDate "2010.01.30"]

1. d4 d5 2. c4 c6 3. Nf3 Nf6 4. e3 Bg4 5. h3 Bxf3 6. Qxf3 e6 7. Bd3 Bb4+ 8.
Nd2 Nbd7 9. O-O O-O 10. a3 Bd6 11. e4 dxe4 12. Nxe4 Nxe4 13. Qxe4 g6 14. b4
Re8 15. Bb2 Bf8 16. Rfd1 Bg7 17. Be2 Qe7 18. Qe3 Rad8 19. Qb3 Nf8 20. Bf3
Rd6 21. b5 Rc8 22. c5 Rdd8 23. Qa4 cxb5 24. Qxa7 Rd7 25. Rac1 Rcd8 26. Qb6
Qg5 27. Rb1 Bxd4 28. Rxd4 Rxd4 29. Bxd4 Rxd4 30. c6 Rc4 31. cxb7 Rc1+ 32.
Rxc1 Qxc1+ 33. Kh2 Qf4+ 34. g3 1-0

[Event "Open A"]
[Site "Moscow RUS"]
[Date "2010.01.31"]
[Round "2"]
[White "Kazhgaleyev,M"]
[Black "Ipatov,A ESP"]
[Result "1/2-1/2"]
[WhiteElo "2643"]
[BlackElo "2497"]
[EventDate "2010.01.30"]

1. d4 d5 2. c4 c6 3. Nc3 Nf6 4. e3 g6 5. Nf3 Bg7 6. h3 O-O 7. Bd3 Nbd7 8.
O-O dxc4 9. Bxc4 c5 10. Re1 e6 11. e4 cxd4 12. Qxd4 Nb6 13. Qxd8 Rxd8 14.
Bb3 Bd7 15. a4 Bc6 16. Be3 Ne8 17. a5 Nc8 18. Bg5 Rd3 19. Rac1 h6 20. Bf4
g5 21. Bh2 Ne7 22. Ne5 Rd4 23. Nc4 Ng6 24. f3 Nf6 25. Red1 Nd7 26. Ne2
Rxd1+ 27. Rxd1 Nge5 28. Nd4 Nxc4 29. Nxc6 Nde5 30. Nxe5 Nxe5 31. Rc1 Rd8
32. Bg3 Rd4 33. Be1 a6 34. Rc8+ Kh7 35. Bc3 Rd6 36. Rc7 Nd7 37. Bc2 Bd4+
38. Kf1 Ne5 39. Be1 Rc6 40. Rxc6 Nxc6 41. b4 Kg7 42. Ba4 Kf6 43. Ke2 Ke7
44. Kd3 Be5 45. Kc4 Kd6 46. h4 Kc7 47. h5 Bg7 48. Bg3+ Be5 49. Be1 Bg7 50.
b5 Ne5+ 51. Kb3 Nd3 52. Bd2 Nf4 53. b6+ Kd8 54. g4 Nd3 55. Ka2 Ne5 56. Bd1
Nc6 57. Kb3 Kd7 58. Ka4 Be5 59. Kb3 Bg7 60. Ka3 Kd6 61. Ba4 Be5 62. Kb3 Kc5
63. Be3+ Kd6 64. Kc4 1/2-1/2

[Event "Open A"]
[Site "Moscow RUS"]
[Date "2010.01.31"]
[Round "2"]
[White "Belozerov,A"]
[Black "Savchenko,B"]
[Result "1/2-1/2"]
[WhiteElo "2488"]
[BlackElo "2638"]
[EventDate "2010.01.30"]

1. d4 Nf6 2. c4 e6 3. Nc3 d5 4. Bg5 Be7 5. e3 Nbd7 6. Nf3 O-O 7. Qc2 c5 8.
cxd5 Nxd5 9. Bxe7 Qxe7 10. Nxd5 exd5 11. Bd3 h6 12. dxc5 Nxc5 13. Rc1 Nxd3+
14. Qxd3 Qb4+ 15. Qd2 Qa4 16. b3 Qa6 17. Nd4 Bd7 18. f3 Rfc8 19. Kf2 Qd6
20. g3 Qa3 21. Ne2 Be6 22. Rxc8+ Rxc8 23. Rc1 Rxc1 24. Nxc1 a5 25. Nd3 a4
26. bxa4 Qxa4 27. Nf4 d4 28. Nxe6 dxe3+ 29. Kxe3 fxe6 30. Qd8+ Kf7 31. Qc7+
Kg6 32. Qxb7 Qxa2 33. Qe4+ 1/2-1/2